000 00983cab a2200277 4500
001 ABS58801
008 090401t1998 xxu||||| |||| 00| 0 eng d
035 _a(Sirsi) u86652
041 _aeng
100 _aBrown, G.
245 _aValuation smoothing without temporal aggregation
260 _c1998
350 _a0
490 _aJournal of Property Research
_v15(2) June 1998, 89-103(15)
520 _aExamines through a ten year study of 30 properties valued monthly, how there is a great deal of volatility in the smoothing parameters used. Identifies how this can be reduced by up to 60 per cent, and draws conclusions for current indices configuration.
650 _aPROPERTY INDICES
650 _aPROPERTY PERFORMANCE MEASUREMENT
650 _aPROPERTY RETURNS
650 _aPROPERTY YIELDS
650 _aVALUATION METHODS
650 _aVALUATION SMOOTHING
690 _aRATING AND VALUATION
700 _aMatysiak, G.
942 _n0
948 _c08/06/1998
999 _c54566
_d54566